| 000 | 00450 a2200157 4500 | ||
|---|---|---|---|
| 003 | OSt | ||
| 005 | 20231109112213.0 | ||
| 008 | 231109b |||||||| |||| 00| 0 eng d | ||
| 040 | _coclc | ||
| 082 |
_a920 _bKUT/N |
||
| 100 |
_aKuttassery, P Mohammed _93714 |
||
| 245 |
_aN V Abdusalam Moulavi / _cProf. P Mohammed Kuttassery |
||
| 260 |
_aKerala: _bGrace, _c2021. |
||
| 300 | _a123p | ||
| 942 |
_2ddc _cBK _h920 _iKUT/N _k920 _mKUT/N |
||
| 999 |
_c42983 _d42983 |
||